00447 2200193 4500001002100000005001500021008004100036020001800077035001900095041000700114082001100121090001700132100001600149245002900165260001800194300001900212500000700231650001500238INLIS00000000000002220241224112113241224||||||||| | ||| |||| || |  a979-404-150-5 0010-1224000022 aid0 a370.02 a370.02 SUT s0 aAkmal Sutja00aSekitar Garuda Pancasila bAngkasac1986 a94 hlm,: 17 cm a10 0apendidikan